MAASAI MARA UNIVERSITY

LIBRARY CATALOGUE

Contact Us: +254 020 2685356/7 or 0774 057787

Box: 861-20500, NAROK, KENYA

Email: info@mmarau.ac.ke

Essential of Human Physiology and Pathophysiology for Pharmacy and Allied Health / (Record no. 33478)

MARC details
000 -LEADER
fixed length control field 00859nam a22002537a 4500
003 - CONTROL NUMBER IDENTIFIER
control field OSt
005 - DATE AND TIME OF LATEST TRANSACTION
control field 20260420104230.0
008 - FIXED-LENGTH DATA ELEMENTS--GENERAL INFORMATION
fixed length control field 260420b |||||||| |||| 00| 0 eng d
020 ## - INTERNATIONAL STANDARD BOOK NUMBER
International Standard Book Number 9780367000462
020 ## - INTERNATIONAL STANDARD BOOK NUMBER
International Standard Book Number 9780367000486
040 ## - CATALOGING SOURCE
Original cataloging agency MMARA-U
Language of cataloging eng
Transcribing agency MMARA-U
Modifying agency MMARA-U
050 ## - LIBRARY OF CONGRESS CALL NUMBER
Classification number RB 113 .M336 2019
100 ## - MAIN ENTRY--PERSONAL NAME
Personal name McCorry Laurie K.
9 (RLIN) 2977
245 ## - TITLE STATEMENT
Title Essential of Human Physiology and Pathophysiology for Pharmacy and Allied Health /
Statement of responsibility, etc. Laurie K. McCorry, Martin M. Zdanowicz, Cynthia Y. Gonnella.
260 ## - PUBLICATION, DISTRIBUTION, ETC. (IMPRINT)
Place of publication, distribution, etc. New York :
Name of publisher, distributor, etc. Routledge,
Date of publication, distribution, etc. 2019.
300 ## - PHYSICAL DESCRIPTION
Extent xxviii, 751 pages :
Other physical details Illustrations ;
504 ## - BIBLIOGRAPHY, ETC. NOTE
Bibliography, etc Includes Index.
650 ## - SUBJECT ADDED ENTRY--TOPICAL TERM
Topical term or geographic name as entry element Tissue repair.
9 (RLIN) 2978
650 ## - SUBJECT ADDED ENTRY--TOPICAL TERM
Topical term or geographic name as entry element Types of anemia.
9 (RLIN) 2979
700 ## - ADDED ENTRY--PERSONAL NAME
Personal name McCorry Laurie K.
9 (RLIN) 2977
700 ## - ADDED ENTRY--PERSONAL NAME
Personal name Zdanowicz Martin M.
9 (RLIN) 2980
700 ## - ADDED ENTRY--PERSONAL NAME
Personal name Gonnella Cynthia Y.
9 (RLIN) 2981
942 ## - ADDED ENTRY ELEMENTS (KOHA)
Source of classification or shelving scheme Library of Congress Classification
Koha item type L
Holdings
Withdrawn status Lost status Source of classification or shelving scheme Damaged status Not for loan Home library Current library Date acquired Source of acquisition Cost, normal purchase price Total Checkouts Full call number Barcode Date last seen Price effective from Koha item type
    Library of Congress Classification     Maasai Mara University Library -Main Campus Maasai Mara University Library -Main Campus 04/20/2026 Donation 12325.86   RB 113 .M336 2019 26040692 04/20/2026 04/20/2026 L
    Library of Congress Classification     Maasai Mara University Library -Main Campus Maasai Mara University Library -Main Campus 04/20/2026 Donation 12325.86   RB 113 .M336 2019 26040693 04/20/2026 04/20/2026 L
© 2016 Maasai Mara University.